000 00645nas a2200241 i 4500
001 153
003 ES-MaACL
005 20250828062524.0
007 t|
008 950801d1886 ag | | 1 |spa d
080 _a37
245 0 0 _aAnales de la Universidad de Buenos Aires.
260 _aBuenos Aires :
_bImp. Martín Biedma,
_c1886.
300 _av ;
_c28 cm.
310 _aAnual
362 0 _aT. I (1886)
650 4 _aInstituciones científicas y diversas
_913829
650 7 _aEducación
_2embne
_912073
710 2 _aUniversidad de Buenos Aires.
_97155
852 4 _aES-MaACL
_jG-6571-78
866 1 _o1889-96.
999 _c153
_d153